| 000 | 01601cam a22004694i 4500 | ||
|---|---|---|---|
| 003 | PE-LiUPU | ||
| 005 | 20250731173518.0 | ||
| 008 | 150616s r 000 0 d | ||
| 020 | _a0830813365 | ||
| 035 | _a(Sirsi) i9780830813360 | ||
| 040 |
_aPE-LiUPU _bspa _cPE-LiUPU _erda |
||
| 049 | _aPRUA | ||
| 082 | 0 | 4 |
_a235.4 _bA75 _221 |
| 100 | 1 |
_aArnold, Clinton E., _eautor. |
|
| 245 | 1 | 0 |
_aPowers of darkness / _cClinton E. Arnold. |
| 264 | 1 |
_aDowners Grove, Illinois : _bInter Varsity Press, _c1992. |
|
| 300 |
_a244 páginas ; _c20 centímetros |
||
| 336 |
_atext _2rdacontent |
||
| 337 |
_aunmediated _2rdamedia |
||
| 338 |
_avolume _2rdacarrier |
||
| 505 | 0 | _aFirst-Century belief in the powers.- Paul's teaching on the powers.- Interpreting the powers for today. | |
| 526 | _aSEG42 | ||
| 526 | _aSEG41 | ||
| 526 | _aSEG40 | ||
| 526 | _aSEG39 | ||
| 526 | _aP94 | ||
| 526 | _aP87 | ||
| 526 | _aP86 | ||
| 526 | _aP85 | ||
| 526 | _aP77 | ||
| 526 | _aP76 | ||
| 526 | _aP35 | ||
| 630 |
_aBiblia. _pN.T. _pEpístolas de Pablo _xCrítica, interpretación, etc. |
||
| 650 | 0 | 4 |
_aOcultismo _xHistoria. |
| 910 |
_ajck _bjvq _cjck |
||
| 942 |
_2ddc _cBOOK |
||
| 949 |
_a235.4 A75 _wDEWEY _c1 _i41824 _lCCODEBUL1 _mBUL _r0 _sY _tBOOK _u2015-6-16 _xTEOLOGIA _zUNKNOWN _0COMPRA _o.STAFF. Colección General |
||
| 994 |
_aC0 _bPEPRU |
||
| 596 | _a1 | ||
| 999 |
_a235.4 A75 _wDEWEY _c59487 _i41824 _f2021-11-10 _g5 _lCCODEBUL1 _mBUL _r0 _sY _tBOOK _u2015-6-16 _xTEOLOGIA _zUNKNOWN _0COMPRA _o.STAFF. Colección General _d59487 |
||
| 980 |
_81 _gALBERTO SANCHEZ Responsable de Automatización |
||